• 首页
  • 本馆介绍
  • 公告通知
  • 最新文献
  • 馆藏检索
  • 电子资源
  • 读者导购
  • 参考咨询
  • 我的图书馆
  • 登录
  • 详细信息显示
  • 放入我的书架
  • 预约/预借图书
  • 作者相关作品
  • 分类相关作品
  • 丛书相关作品
  • 出版社相关作品

书目信息

  • 表格格式
  • 工作单格式
  • 卡片格式
题名:
草根
    
 
作者: 野草也怒放 著
分册:  
出版信息: 北京   中国时代经济出版社  2007
页数: 161页
开本: 23cm
丛书名:
单 册:
中图分类: K820.76
科图分类:
主题词: 名人--生平事迹--中国--现代 , 名人
电子资源:
ISBN: 978-7-80221-367-8
000 00824nam0 2200241 450
001 1235979776
005 20121007100017.75
010    @a978-7-80221-367-8@dCNY21.00
100    @a20071022d2007 em y0chiy50 ea
101 0  @achi
102    @aCN@b110000
105    @aa z 000yd
200 1  @a草根@Acao gen@e就这样去成名@f野草也怒放著
210    @a北京@c中国时代经济出版社@d2007
215    @a161页@c照片@d23cm
330    @a本书综合分析了各行各业草根名人的成功之道,深入剖析了平凡草根走向成功所必需的种种因素,希望能为广大立志成名的草根们提供可复制、可借鉴的经验与方式。
517 1  @a就这样去成名@Ajiu zhe yang qu cheng ming
606 0  @a名人@x生平事迹@y中国@z现代
606 0  @a名人
690    @aK820.76@v4
701  0 @a野草也怒放@Aye cao ye nu fang@4著
801  0 @aCN@bNLC@c20101222
905    @a10447@dK820.76@eJY53
    
    草根:就这样去成名/野草也怒放著.-北京:中国时代经济出版社,2007
    161页:照片;23cm
    
    
    ISBN 978-7-80221-367-8:CNY21.00
    本书综合分析了各行各业草根名人的成功之道,深入剖析了平凡草根走向成功所必需的种种因素,希望能为广大立志成名的草根们提供可复制、可借鉴的经验与方式。
●
相关链接 在E读中查询图书 在五车中查询图书 在当当中查询图书 在豆瓣中查询图书


正题名:草根     索取号:K820.76/JY53         预约/预借

序号 登录号 条形码 馆藏地/架位号 状态 备注
1 7832200   278322003   学院路分馆/ [索取号:K820.76/JY53] 在馆    
2 7832201   278322012   学院路分馆/ [索取号:K820.76/JY53] 已借出,限还日期为2014.02.20
借出人:陈秀梅  
 
唐山师范学院图书馆 欢迎您!
大连网信软件有限公司© 版权所有